| 000 | 00338 a2200109 4500 | ||
|---|---|---|---|
| 001 | ART_11656 | ||
| 005 | 20260410161859.0 | ||
| 008 | 260409a | ||
| 245 | 1 | 0 | _aMcClements on equivalence scales for children |
| 100 | 1 | _aMuellbauer, John | |
| 773 | 0 |
_tJournal of public economics _g- Vol. 12, NÂș 2 (oct. 1979) _wREV11485 |
|
| 999 |
_c25708 _d25708 |
||